000 00624nam a2200157Ia 4500
008 151213s9999 xx 000 0 und d
100 _aবিভুতি ভূষণ মুখোপাদ্যায়।
245 _aএকটি যুগের জন্ম কথা
_cবিভুতি ভূষণ মুখোপাদ্যায়।
250 _a১ম সং
260 _aকলকাতা
_bসুধাংশু শেখর।
300 _a8360 p.
650 _aBangla
650 _aগল্প
700 _aবিভুতি ভূষণ মুখোপাদ্যায়।
999 _c4200
_d4200